| 000 | 00945cam a22002895i 4500 | ||
|---|---|---|---|
| 001 | 016236784 | ||
| 003 | EG-ScBUE | ||
| 005 | 20251221094858.0 | ||
| 008 | 121219t2014 si a f b 001 0 eng d | ||
| 020 | _a9789814267304 (hbk.) | ||
| 040 |
_aEG-ScBUE _beng _erda _cEG-ScBUE _dEG-ScBUE |
||
| 082 | 0 | 4 |
_a548.83 _bGON _222 |
| 100 | 1 |
_aGong, Qihuang, _eauthor. |
|
| 245 | 1 | 0 |
_aPhotonic crystals : _bprinciples and applications / _cQihuang Gong, Xiaoyong Hu. |
| 264 | 1 |
_aSingapore : _bPan Stanford Publishing Pte., Ltd., _c[2014] |
|
| 264 | 4 | _cc2014 | |
| 300 |
_ax, 354 pages : _billustrations ; _c24 cm |
||
| 336 |
_2rdacontent _atext _btxt |
||
| 337 |
_aunmediated _2rdamedia _bn |
||
| 338 |
_avolume _bnc _2rdacarrier |
||
| 504 | _aIncludes bibliographical references and index. | ||
| 650 | 7 |
_aPhotonic crystals. _2BUEsh |
|
| 653 |
_bENGGEN _cMay2015 |
||
| 655 |
_vReading book _934232 |
||
| 700 | 1 |
_aHu, Xiaoyong, _eauthor. |
|
| 942 |
_2ddc _cBB |
||
| 999 |
_c19448 _d19420 |
||